| 000 | 00732nam a22002057a 4500 | ||
|---|---|---|---|
| 005 | 20251108172741.0 | ||
| 008 | 250721s1999 xx 000 0 ara d | ||
| 082 | 1 | 4 | _a371.3/فرا |
| 100 | 1 |
_aالفرا، عبد الله عمر _eمؤلف |
|
| 245 | 1 | 0 | _aالمرشد الحديث في التربية العملية والتدريس المصغر / |
| 264 | 1 |
_aعمان : _bمكتبة دار الثقافة للنشر والتوزيع، _c1999. |
|
| 300 | _a320ص | ||
| 650 | 1 | 7 | _aالتربية |
| 650 | 1 | 7 | _aأساليب التدريس |
| 650 | 1 | 7 | _aالتدريس |
| 650 | 1 | 7 | _aمهارات التدريس |
| 700 | 1 |
_aجامل، عبد الرحمن عبد السلام _eمؤلف |
|
| 942 |
_2ddc _cBK |
||
| 999 |
_c87562 _d87562 |
||